Logo BPK

Bibliografia Prac Pracowników

Politechniki Koszalińskiej

Energetyczne wykorzystanie biomasy w działalności gospodarczej / (Rekord nr 1807)

Szczegóły MARC
000 -ETYKIETA REKORDU
podpole kontrolne o stałej długości 01051nam a2200229 i 4500
001 - NUMER KONTROLNY REKORDU
podpole kontrolne BPP
003 - IDENTYFIKATOR NUMERU KONTROLNEGO REKORDU
podpole kontrolne BPK
005 - DATA OSTATNIEJ MODYFIKACJI REKORDU
podpole kontrolne 20160601131908.0
008 - POLE O STAŁEJ DŁUGOŚCI - DANE KONTROLNE
podpole kontrolne o stałej długości 150522s2009 pl f |000 0 pol
040 ## - ŹRÓDŁO KATALOGOWANIA
Instytucja, która utworzyła rekord BPK
080 ## - UNIWERSALNA KLASYFIKACJA DZIESIĘTNA - UKD
UKD 574.3
080 ## - UNIWERSALNA KLASYFIKACJA DZIESIĘTNA - UKD
UKD 662.76
100 ## - NAZWA OSOBOWA
Nazwa osobowa JASIULEWICZ, Michał.
Lata pracy 1996 - .
Instytucja Politechnika Koszalińska - Instytut Ekonomii i Zarządzania,
Wydział Zakład Agrobiznesu i Zagospodarowania Obszarów Wiejskich
245 ## - TYTUŁ/ODPOWIEDZIALNOŚĆ
Tytuł Energetyczne wykorzystanie biomasy w działalności gospodarczej /
Pozostałe elementy strefy tytułu i oznaczenia odpowiedzialności red. nauk. Michał Jasiulewicz.
260 ## - STREFA ADRESU WYDAWNICZEGO
Miejsce wydania Koszalin :
Nazwa wydawcy/dystrybutora Wydaw. Uczelniane Politechniki Koszalińskiej,
Data publikacji, dystrybucji/powstania dokumentu 2009.
300 ## - STREFA OPISU FIZYCZNEGO
Objętość 312 s.
500 ## - UWAGI OGÓLNE
Tekst uwagi Dane z autopsji.
520 ## - UWAGA DOTYCZĄCA TREŚCI DOKUMENTU
Analiza dokumentacyjna, adnotacja itp. Prezentowane artykuły przedstawiają badania w zakresie: biomasa jako surowiec energetyczny, produkcja biogazu, potencjał biomasy rolniczej oraz nowe technologie w przetwarzaniu biomasy do celów energetycznych. Opracowania badawcze mają charakter zarówno teoretyczny, jak i praktyczny.
650 #0 - HASŁO PRZEDMIOTOWE W FORMIE NAZWY OGÓLNEJ LUB JEDNOSTKOWEJ
Nazwa ogólna lub geograficzna Biomasa.
650 #0 - HASŁO PRZEDMIOTOWE W FORMIE NAZWY OGÓLNEJ LUB JEDNOSTKOWEJ
Nazwa ogólna lub geograficzna Biogaz.
942 ## - HASŁO DODATKOWE - ELEMENTY(KOHA)
Typ dokumentu Książka
Schemat klasyfikacji Uniwersalna klasyfikacja dziesiętna
Egzemplarze
Wycofany Zagubiony Uszkodzony Dostępność Lokalizacja stała Lokalizacja bieżąca Sygnatura Typ dokumentu
      Dostępny Bibliografia Prac Pracowników - BPK Bibliografia Prac Pracowników - BPK 94361 Książka
© 2014 Biblioteka Politechniki Koszalińskiej :: BIBLIOGRAFIA PRAC PRACOWNIKÓW